| 000 -ლიდერი |
| ფიქსირებული სიგრძის საკონტროლო ველი |
01105nam a22002057a 4500 |
| 003 - საკონტროლო ნომრის იდენტიფიკატორი |
| საკონტროლო ველი |
Ge_BSU |
| 005 - ბოლო ოპერაციის თარიღი და დრო |
| საკონტროლო ველი |
20251015141906.0 |
| 008 - ფიქსირებული სიგრძის მონაცემთა ელემენტები - ზოგადი ინფორმაცია |
| ფიქსირებული სიგრძის საკონტროლო ველი |
251015s2001 ge ||||| |||| 00| 0 geo d |
| 020 ## - წიგნის საერთაშორისო სტანდარტული ნომერი |
| International Standard Book Number |
9992881151 |
| 041 ## - ენის კოდი |
| Language code of text/sound track or separate title |
geo |
| 080 ## - უნივერსალური ათობითი კლასიფიკაციის ინდექსი |
| Universal Decimal Classification number |
33(063) ს-32 |
| 245 ## - ცნობა სათაურის შესახებ |
| Title |
შრომები : |
| Remainder of title |
ტ. 2 / |
| Statement of responsibility, etc |
რედაქტორი ლეო ჩაქავარი, როზეტა ასათიანი, ნუგზარ სანთელაძე; საქ. ეკონომიკურ მეცნიერებათა აკადემია. |
| 264 ## - წარმოების, გამოცემის, დისტრიბუციის და სხვა ცნობები |
| გამოცემის, წარმოების, დისტრიბუციის... ადგილი |
თბილისი: |
| გამოცემის, წარმოების, დისტრიბუციის... სახელწოდება |
სიახლე, |
| გამოცემის, წარმოების, დისტრიბუციის... თარიღი |
2001. |
| 300 ## - ფიზიკური აღწერა |
| Extent |
318 გვ.; |
| Other physical details |
20 სმ. |
| 700 ## - ADDED ENTRY--PERSONAL NAME |
| Personal name |
ჩაქავარი, ლეო |
| Relator term |
რედაქტორი |
| 9 (RLIN) |
26025 |
| 700 ## - ADDED ENTRY--PERSONAL NAME |
| Personal name |
ასათიანი, როზეტა |
| Relator term |
რედაქტორი |
| 9 (RLIN) |
26026 |
| 700 ## - ADDED ENTRY--PERSONAL NAME |
| Personal name |
სანთელაძე, ნუგზარ |
| Relator term |
რედაქტორი |
| 9 (RLIN) |
25019 |
| 710 ## - ADDED ENTRY--CORPORATE NAME |
| Corporate name or jurisdiction name as entry element |
საქ. ეკონომიკურ მეცნიერებათა აკადემია. |
| 9 (RLIN) |
26027 |
| 942 ## - ADDED ENTRY ELEMENTS (KOHA) |
| Source of classification or shelving scheme |
|
| Koha item type |
წიგნი |